000 00484nam a2200181Ia 4500
008 230917s9999||||xx |||||||||||||| ||und||
020 _cRS3295
040 _e211885
_aMAIN
041 _aEnglish
082 _a346.022 M91I(14)
100 _aPollock, Frederick
245 4 _aThe Indian contract and Specific Relief Acts. 2V
250 _a14th ed.
260 _aGurgaon
_bLexixNexis
_c2013
300 _av. p.
500 _a3857 31/10/2013 123 23/11/2013 Main Budget
942 _cBK
999 _c34024
_d34024